000 00846nam a2200193 i 4500
001 157248
003 ES-MaACL
005 20250806050952.0
008 000922s1899 fr a |||| | fre d
040 _aCCPB | B
_bspa
_cCCPB | B
100 1 _aLaunay, Louis de (
_d1860-1938)
_970603
245 1 0 _aRecherche, captage et aménagement des sources thermo-minérales origine des eaux thermo-minérales, géologie, propriétés physiques et chimiques ... /
_cpar L. de Launay.
260 _aParis :
_bLibrairie Polytechnique Baudry et Cie., éditeurs,
_c1899 (
_eÉvreux :
_fimprimerie de Charles Hérissey)
300 _aX, 635 p. :
_bil. ;
_c24 cm.
599 1 _aLas il. representan zonas de aguas termo-minerales.
650 7 _aAguas minerales
_2embne
_9135517
852 _aES-MaACL
_jB-4535
_z-- Enc. tela
999 _c157248
_d157248